Harry Potter Fun Facts - Statistics

General Stats
  • This quiz has been taken 965 times
  • The average score is 7 of 15
Answer Stats
Hint Answer % Correct
What house elf still has an addiction to Butterbeer? Winky
70%
When entering the Ministry of Magic you enter the numbers 62442 on the telephone. What do the letters spell? Magic
69%
Who married Rolf Scamander? Luna Lovegood
68%
What is an old Enlish name for Bumble-bee? Dumbledore
67%
Who's Patronus changed from a rabbit to a wolf? Nymphadora Tonks
67%
What character almost attended Drumstrang Insitute? Draco Malfoy
61%
Which member of staff at Hogwarts was a dueling Champion? Flitwick
48%
Who said there greatest accomplishment was being on a chocolate frog card? Ron Weasley
48%
Who was a professional Quidditch player and then later became a Quidditch correspondent? Ginny Weasley
44%
Who new their characters fate before the release of "Harry Potter and the Deathly Hallows"? Alan Rickman
33%
Who wore braces for four months in 2005, saying it's important because a smile is for life? Emma Watson
32%
Who was a gifted Quidditch player, but experienced a nasty fall in there final year at Hogwarts that left them with a concussion and several broken ribs? Minerva McGonagall
31%
Who married a muggle? Cho Chang
21%
Who once approached J.K.Rowling to make a musical based on the books but turned it down? Michael Jackson
11%
Who appears on page 159 of Goblet of Fire, who is a real person? Natalia McDonald
6%
No matching quizzes found
Score Distribution
Percent of People with Each Score
Percentile by Number Answered
Your Score History
You have not taken this quiz